000 02213 a2200217 4500
020 _a0877193452
020 _a9780877193456
082 0 4 _a658.18
090 _c2519
_d2519
100 1 _aHarris, Philip R.
245 1 0 _aManaging cultural differences, fifth edition :
_bleadership strategies for a new world of business /
_cPhilip R. Harris.
250 _a5th ed.
260 _a[S.l.] :
_bGulf Professional Publishing,
_c2000.
300 _a402 p. ;
_c25 cm.
500 _aHardcover.
520 _aMake no mistake. Here is the original, best-selling guide to developing cross-cultural skills, now revised for the new millenium. With more than 100,000 copies in print and adopted by more than 200 Universities worldwide, this classic is praised as a 'bible of multiculturalism' (New York Times News Service) It clearly shows how to develop the cross-cultural expertise essential to succeed in a world of rapid and profound economic, political, and cultural changes. While retaining the wisdom of the previous editions, this new edition provides leading-edge insights into work culture and globalization. In addition to a new chapter on 'Women in Global Business', this fifth edition describes effective cross-cultural strategies and policies that will help you: * capitalize on expanding international markets * improve cross-cultural business communication * master the subtle important art of business protocol * create a successful multicultural management program Easy-to-read mini case histories, illustrations, exhibits, and country profiles supply guidelines to improve leadership skills for globalization, communications, negotiations and strategic alliances, cultural changes, cultural synergy, and diversity in the workplace. 'Managing Cultural Differences' continues to be the premier source of information on the dynamics of culture and business. Professors and trainers will benefit from the reorganized companion Instructor's Guide.
700 1 _aPh.D., Robert T. Moran.
856 4 0 _3Amazon.com
_uhttp://www.amazon.com/exec/obidos/ASIN/0877193452/chopaconline-20
856 4 0 _3Amazon customer reviews
_uhttp://www.chopac.org/cgi-bin/tools/azrev.pl?q=0877193452
942 _aNBS
_cBK
_k658.18 HAR
999 _c345014
_d345014